01321cam a2200253 a 45000010008000000030004000080050017000120080041000290100017000700200015000870400018001020820014001201300072001342450440002062600039006463000026006855000065007116500020007767300106007969060045009029420012009479990015009599520093009744975888OSt20230704131628.0971231s1997 nyu i001 0 eng  a 97229152  a9211335221 aDLCcDLCdDLC00a341.7bUN0 aUnited Nations Convention on the Law of the Sead(1982 December 10)14aThe law of the sea :bofficial texts of the United Nations Convention on the Law of the Sea of 10 December 1982, and of the Agreement relating to the Implementation of Part XI of the United Nations Convention on the Law of the Sea of 10 December 1982, with index and excerpts from the final act of the Third United Nations Conference on the Law of the Sea /cDivision for Ocean Affairs and the Law of the Sea, Office of Legal Affairs. aNew York :bUnited Nations,c1997. aiii, 294 p. ;c23 cm. aUnited Nations publication sales no. E.97.V.10"--T.p. verso. 0aLaw of the sea.0 aUnited Nations Convention on the Law of the Sead(1982 December 10).kProtocols, etc.d(1994 July 28) a7bcbccorignewd2encipf19gy-gencatlg 2ddccBK c3808d3808 00102ddc4070a002b002d2023-07-04l0o341.7 UNp10009478r2023-07-04w2023-07-04yBK